Joueurs français passés par Manchester City - Statistiques

Statistiques générales
  • Ce quiz a été pris 639 fois
    172 depuis la dernière actualisation
  • Le résultat moyen est 6 sur 17
Statistiques - réponses
Année Matchs Nom % Correct
2011-2016 176 Samir Nasri
88%
2025- 0 Rayan Cherki
85%
2017-2023 75 Benjamin Mendy
75%
2011-2017 203 Gaël Clichy
75%
2014-2017 86 Bacary Sagna
68%
2014-2018 79 Eliaquim Mangala
57%
2010-2011 46 Patrick Vieira
43%
2002-2005 103 Nicolas Anelka
42%
2002-2007 206 Sylvain Distin
18%
2002 2 Alioune Touré
5%
2018-2022 3 Claudio Gomes
5%
2003-2006 107 Antoine Sibierski
3%
2006-2008 18 Ousmane Dabo
3%
2015-2016 0 Florian Lejeune
2%
2000-2003 24 Laurent Charvet
2%
2015-2017 1 David Faupala
1%
2009-2013 1 Jérémy Hélan
1%
Aucun quiz correspondant
Distribution des résultats
% des personnes avec chaque résultat
Percentile par nombre de réponses
Votre historique - résultats
Vous n’avez pas pris ce quiz depuis la dernière actualisation